01182cam a2200301 45000010008000000030004000080050017000120080041000290100017000700200015000870400018001020820015001202450162001352460026002972600097003233000024004204900064004445040041005086500030005497000028005797000038006077000026006457100043006719060045007149420012007599990015007719520094007861814048OSt20230704120013.0710106s1970 nyu b 000 0 eng  a 79129079  a0842400117 aDLCcDLCdDLC00a341.6bBOS00aNuclear prolifereration [i.e. proliferation]:bprospects for controlc[by] Bernhard G. Bechhoefer [and others] Edited by Bennett Boskey [and] Mason Willrich.3 aNuclear proliferation aNew York,bPublished for the American Society of International Law [by] Dunellen Co.c[1970] axvi, 191 p.c23 cm.0 aUniversity Press of Cambridge series in the social sciences aIncludes bibliographical references. 0aNuclear nonproliferation.1 aBechhoefer, Bernhard G.1 aBoskey, Bennett,d1916-2016,eed.1 aWillrich, Mason,eed.2 aAmerican Society of International Law. a7bcbccorignewd2encipf19gy-gencatlg 2ddccBK c3767d3767 00102ddc4070a002b002d2023-07-04l0o341.6 BOSp10015897r2023-07-04w2023-07-04yBK